Lauv - I Like Me Better Lyrics - Statistics

General Stats
  • This quiz has been taken 96 times
  • The average score is 210 of 261
Answer Stats
Lyric % Correct
be
100%
better
100%
Better
100%
I
100%
like
100%
me
100%
when
100%
with
100%
you
100%
I'm
97%
a
95%
and
91%
love
88%
To
88%
to
88%
in
85%
know
85%
City
82%
New
82%
York
82%
for
80%
long
80%
no
80%
the
80%
time
80%
here
77%
am
74%
first
74%
not
74%
who
73%
young
73%
you're
71%
that
70%
but
67%
cause
67%
don't
67%
stay
67%
Stay
67%
Damn
64%
just
64%
morning
64%
talking
64%
coffee
62%
knew
62%
we
62%
drunk
61%
from
61%
what
61%
by
59%
hours
58%
it
56%
as
53%
good
53%
got
53%
I'd
53%
is
53%
feeling
52%
pass
52%
something
52%
too
50%
us
50%
into
48%
tell
48%
yeah
48%
this
47%
If
45%
get
44%
have
44%
oh
42%
through
42%
day
41%
bed
39%
lay
39%
Lay
39%
let
39%
might
39%
next
39%
up
39%
much
38%
ceiling
36%
Burning
33%
room
33%
awhile
32%
Midnight
32%
Waking
32%
swear
29%
still
24%
No matching quizzes found
Score Distribution
Percent of People with Each Score
Percentile by Number Answered
Your Score History
You have not taken this quiz